[Event "Maritime op"]
[Site "Halifax CAN"]
[Date "2012.10.07"]
[Round "2"]
[White "MacLean, Donald"]
[Black "Charlton, Glenn"]
[Result "1/2-1/2"]
[WhiteElo "1630"]
[BlackElo "2045"]
[PlyCount "58"]
[GameId "2160767909411915"]
[EventDate "2012.10.06"]
[EventType "swiss"]
[EventRounds "6"]
[EventCountry "CAN"]
[SourceTitle "EXT 2022"]
[Source "ChessBase"]
[SourceDate "2021.10.06"]
[SourceVersion "1"]
[SourceVersionDate "2021.10.06"]
[SourceQuality "1"]

1. f4 Nf6 2. Nf3 g6 3. d3 d5 4. g3 Bg7 5. Bg2 O-O 6. O-O c5 7. h3 Nc6 8. Nbd2 Qc7 9. e4 dxe4 10. Nxe4 Nxe4 11. dxe4 Be6 12. c3 Bc4 13. Re1 Rad8 14. Qa4 b5 15. Qc2 Bd3 16. Qf2 c4 17. e5 b4 18. Be3 bxc3 19. bxc3 f6 20. Bd4 fxe5 21. Bxe5 Nxe5 22. Nxe5 Bxe5 23. Rxe5 Qxe5 24. fxe5 Rxf2 25. Kxf2 Rb8 26. Ke3 Rb5 27. Kd4 e6 28. a4 Ra5 29. Ra2 Ra6 1/2-1/2

[Event "Maritime op"]
[Site "Halifax CAN"]
[Date "2012.10.07"]
[Round "2"]
[White "McKim, Fred"]
[Black "Dorrance, Adam"]
[Result "0-1"]
[WhiteElo "1965"]
[BlackElo "2071"]
[PlyCount "100"]
[GameId "2160767909411916"]
[EventDate "2012.10.06"]
[EventType "swiss"]
[EventRounds "6"]
[EventCountry "CAN"]
[SourceTitle "EXT 2022"]
[Source "ChessBase"]
[SourceDate "2021.10.06"]
[SourceVersion "1"]
[SourceVersionDate "2021.10.06"]
[SourceQuality "1"]

1. d4 d5 2. c4 c6 3. Nc3 Nf6 4. Nf3 e6 5. Bg5 Nbd7 6. e3 Qa5 7. a3 Ne4 8. c5 Nxc3 9. Qd2 Nf6 10. Bxf6 gxf6 11. Qxc3 Qxc3+ 12. bxc3 b6 13. cxb6 axb6 14. a4 Ba6 15. Kd2 Bd6 16. Bxa6 Rxa6 17. Rhb1 Kd7 18. c4 dxc4 19. Kc3 Rha8 20. Nd2 b5 21. Ne4 Be7 22. Nc5+ Bxc5 23. dxc5 Rxa4 24. Rd1+ Kc7 25. Rxa4 Rxa4 26. Rd4 Ra2 27. Rf4 f5 28. e4 Kd7 29. exf5 exf5 30. Rd4+ Ke7 31. Rf4 f6 32. Rh4 h5 33. Rxh5 Rxf2 34. Rh7+ Ke8 35. Rg7 f4 36. h4 f3 37. gxf3 Rxf3+ 38. Kb4 c3 39. Kb3 Rh3 40. Rg4 Kd7 41. Rd4+ Ke7 42. Kc2 Ke6 43. Rd6+ Ke5 44. Rxc6 b4 45. Rb6 Rxh4 46. c6 Kd6 47. c7+ Kxc7 48. Rxf6 Rh2+ 49. Kd3 Rd2+ 50. Ke3 Rd6 0-1

[Event "Maritime op"]
[Site "Halifax CAN"]
[Date "2012.10.07"]
[Round "2"]
[White "Pentz, Brian"]
[Black "Leonard, Anthony"]
[Result "0-1"]
[WhiteElo "1902"]
[BlackElo "1980"]
[PlyCount "112"]
[GameId "2160767909411917"]
[EventDate "2012.10.06"]
[EventType "swiss"]
[EventRounds "6"]
[EventCountry "CAN"]
[SourceTitle "EXT 2022"]
[Source "ChessBase"]
[SourceDate "2021.10.06"]
[SourceVersion "1"]
[SourceVersionDate "2021.10.06"]
[SourceQuality "1"]

1. Nf3 c5 2. g3 Nc6 3. Bg2 g6 4. O-O Bg7 5. d3 e5 6. e4 Nge7 7. Nbd2 O-O 8. a4 d5 9. exd5 Nxd5 10. Re1 h6 11. Nc4 Re8 12. Bd2 Nb6 13. Nxb6 Qxb6 14. Qc1 Kh7 15. Re4 Bf5 16. Rh4 h5 17. Ng5+ Kg8 18. Ne4 Nd4 19. Kf1 Bg4 20. a5 Qc7 21. h3 Be2+ 22. Ke1 Bf3 23. Kf1 Bxg2+ 24. Kxg2 Nf5 25. Bg5 Nxh4+ 26. Bxh4 c4 27. Bf6 cxd3 28. cxd3 Qxc1 29. Rxc1 Rac8 30. Rc4 Rxc4 31. dxc4 Rc8 32. b3 Bxf6 33. Nxf6+ Kg7 34. Ne4 Kf8 35. Nd6 Rc7 36. Nb5 Rc5 37. Nxa7 Rxa5 38. Nb5 Rxb5 39. cxb5 Ke7 40. Kf3 Kd6 41. g4 hxg4+ 42. hxg4 f5 43. gxf5 gxf5 44. Ke3 Kc5 45. Kd3 Kxb5 46. Kc3 Kc5 47. f3 e4 48. fxe4 fxe4 49. b4+ Kd5 50. b5 Kc5 51. b6 Kxb6 52. Kd4 Kb5 53. Kxe4 Kc4 54. Ke3 b5 55. Kd2 Kb3 56. Kd3 b4 0-1

[Event "Maritime op"]
[Site "Halifax CAN"]
[Date "2012.10.07"]
[Round "3"]
[White "Charlton, Glenn"]
[Black "Pentz, Brian"]
[Result "1/2-1/2"]
[WhiteElo "2045"]
[BlackElo "1902"]
[PlyCount "64"]
[GameId "2160767909411918"]
[EventDate "2012.10.06"]
[EventType "swiss"]
[EventRounds "6"]
[EventCountry "CAN"]
[SourceTitle "EXT 2022"]
[Source "ChessBase"]
[SourceDate "2021.10.06"]
[SourceVersion "1"]
[SourceVersionDate "2021.10.06"]
[SourceQuality "1"]

1. e4 Nc6 2. Nf3 d5 3. exd5 Qxd5 4. Nc3 Qa5 5. Bb5 Bd7 6. d4 a6 7. Bxc6 Bxc6 8. O-O e6 9. Ne5 Ne7 10. a3 f6 11. b4 Qb6 12. d5 Bxd5 13. Nxd5 exd5 14. Nd3 O-O-O 15. c3 Nf5 16. Qg4 g6 17. Be3 Qb5 18. Nc5 Bxc5 19. Bxc5 Qc4 20. Qxc4 dxc4 21. g4 Nd6 22. Bd4 Rhf8 23. a4 b6 24. Rfe1 f5 25. f3 fxg4 26. fxg4 Rf4 27. h3 h5 28. Rf1 Rdf8 29. Rxf4 Rxf4 30. Rf1 Rxf1+ 31. Kxf1 hxg4 32. hxg4 Kd7 1/2-1/2

[Event "Maritime op"]
[Site "Halifax CAN"]
[Date "2012.10.07"]
[Round "3"]
[White "Giacomin, Gordon"]
[Black "Wysocki, Antoni"]
[Result "1-0"]
[WhiteElo "1927"]
[BlackElo "2228"]
[PlyCount "93"]
[GameId "2160767909411919"]
[EventDate "2012.10.06"]
[EventType "swiss"]
[EventRounds "6"]
[EventCountry "CAN"]
[SourceTitle "EXT 2022"]
[Source "ChessBase"]
[SourceDate "2021.10.06"]
[SourceVersion "1"]
[SourceVersionDate "2021.10.06"]
[SourceQuality "1"]

1. e4 c5 2. Nf3 e6 3. d4 cxd4 4. Nxd4 Nf6 5. Nc3 d6 6. Be2 Be7 7. O-O Nc6 8. Be3 Bd7 9. f4 Qc7 10. Kh1 Rc8 11. g4 Nxd4 12. Bxd4 Bc6 13. Bf3 O-O 14. Qe2 e5 15. Be3 exf4 16. Bxf4 Nd7 17. Rad1 Ne5 18. Bg2 Qb6 19. Bc1 Qc5 20. a3 Qc4 21. Qxc4 Nxc4 22. g5 Bd7 23. Nd5 Bd8 24. b3 Ne5 25. c4 b5 26. c5 Bg4 27. cxd6 Bxd1 28. Rxd1 Rc2 29. Bf4 f6 30. gxf6 gxf6 31. Bh3 Nf3 32. Be6+ Kg7 33. Ne3 Rf2 34. Ng4 Ng5 35. Nxf2 Nxe6 36. Be3 a6 37. Ng4 Kf7 38. Nh6+ Kg6 39. Nf5 Rf7 40. Rg1+ Kh5 41. h4 a5 42. Kh2 a4 43. b4 Bc7 44. dxc7 Rxc7 45. Kh3 Rc3 46. Ng3+ Kg6 47. Ne2+ 1-0

[Event "Maritime op"]
[Site "Halifax CAN"]
[Date "2012.10.07"]
[Round "3"]
[White "Havik, Victor"]
[Black "Dorrance, Adam"]
[Result "1/2-1/2"]
[WhiteElo "2094"]
[BlackElo "2071"]
[PlyCount "127"]
[GameId "2160767909411920"]
[EventDate "2012.10.06"]
[EventType "swiss"]
[EventRounds "6"]
[EventCountry "CAN"]
[SourceTitle "EXT 2022"]
[Source "ChessBase"]
[SourceDate "2021.10.06"]
[SourceVersion "1"]
[SourceVersionDate "2021.10.06"]
[SourceQuality "1"]

1. d4 Nf6 2. Nf3 e6 3. g3 b5 4. Bg2 Bb7 5. O-O c5 6. c3 Be7 7. Bg5 Qb6 8. Nbd2 h6 9. Bxf6 Bxf6 10. dxc5 Qxc5 11. Nb3 Qb6 12. Qd2 Be4 13. Nbd4 Na6 14. a4 b4 15. cxb4 Nxb4 16. Nb5 Nd5 17. Nfd4 Bxg2 18. Kxg2 a6 19. a5 Qb8 20. Nc3 Qb7 21. Nf3 Nxc3 22. bxc3 Qc6 23. Rfc1 Rb8 24. Kg1 O-O 25. Nd4 Qc4 26. e3 Rfc8 27. Rab1 Bd8 28. Rxb8 Rxb8 29. Ra1 d5 30. Qc2 Rc8 31. Ne2 Qb5 32. Qa2 Rc5 33. Nd4 Qxa5 34. Qb2 Qxc3 35. Qxc3 Rxc3 36. Rxa6 Bf6 37. Nb5 Rc1+ 38. Kg2 Ra1 39. Rxa1 Bxa1 40. Na3 Kf8 41. Nc2 Bc3 42. Kf1 Ke7 43. Ke2 Kd6 44. Kd3 Bb2 45. e4 Kc5 46. exd5 exd5 47. f3 g6 48. Ne3 Bd4 49. Nf1 Bg1 50. h3 Bd4 51. f4 f5 52. Nd2 Bf2 53. Nf1 d4 54. Ke2 Bg1 55. Kd3 Kd5 56. g4 Bf2 57. Ke2 Bh4 58. gxf5 gxf5 59. Kd3 h5 60. Nd2 Bf2 61. Nf3 Be3 62. Nh4 Bxf4 63. Nxf5 Be5 64. h4 1/2-1/2

[Event "Maritime op"]
[Site "Halifax CAN"]
[Date "2012.10.07"]
[Round "3"]
[White "Leonard, Anthony"]
[Black "Burrows, Zachary"]
[Result "1/2-1/2"]
[WhiteElo "1980"]
[BlackElo "1973"]
[PlyCount "38"]
[GameId "2160767909411921"]
[EventDate "2012.10.06"]
[EventType "swiss"]
[EventRounds "6"]
[EventCountry "CAN"]
[SourceTitle "EXT 2022"]
[Source "ChessBase"]
[SourceDate "2021.10.06"]
[SourceVersion "1"]
[SourceVersionDate "2021.10.06"]
[SourceQuality "1"]

1. e4 c6 2. d4 d5 3. Nc3 dxe4 4. Nxe4 Bf5 5. Ng3 Bg6 6. h4 h6 7. Nf3 Nd7 8. h5 Bh7 9. Bd3 Bxd3 10. Qxd3 Qc7 11. Bd2 e6 12. Ne4 Be7 13. O-O-O O-O-O 14. g3 Ngf6 15. Bf4 Qa5 16. Kb1 Nxe4 17. Qxe4 Nf6 18. Qe5 Qxe5 19. Nxe5 Rhf8 1/2-1/2

[Event "Maritime op"]
[Site "Halifax CAN"]
[Date "2012.10.07"]
[Round "3"]
[White "Mah, Harry"]
[Black "MacNeil, Walter"]
[Result "0-1"]
[WhiteElo "1479"]
[BlackElo "1647"]
[PlyCount "72"]
[GameId "2160767909411922"]
[EventDate "2012.10.06"]
[EventType "swiss"]
[EventRounds "6"]
[EventCountry "CAN"]
[SourceTitle "EXT 2022"]
[Source "ChessBase"]
[SourceDate "2021.10.06"]
[SourceVersion "1"]
[SourceVersionDate "2021.10.06"]
[SourceQuality "1"]

1. c4 Nf6 2. d4 d5 3. cxd5 c6 4. dxc6 Nxc6 5. Nf3 Bf5 6. e3 e6 7. a3 Bd6 8. Be2 O-O 9. Nc3 Rc8 10. Nd2 Qa5 11. e4 Bxe4 12. Ndxe4 Nxe4 13. Bd2 Nxd2 14. Qxd2 Rfd8 15. O-O Nxd4 16. Bd3 Qh5 17. f4 Nb3 18. Qe2 Qxe2 19. Bxe2 Nxa1 20. Rxa1 Bxf4 21. Bf3 Rd7 22. Rb1 a6 23. Na4 b5 24. Nc3 f5 25. Kf2 g5 26. h3 Rd2+ 27. Ke1 Rd7 28. Kf2 Rcd8 29. Be2 Rd2 30. Kf3 e5 31. g3 e4+ 32. Kf2 Be5 33. Nd1 f4 34. gxf4 gxf4 35. Nc3 Bxc3 36. bxc3 f3 0-1

[Event "Maritime op"]
[Site "Halifax CAN"]
[Date "2012.10.07"]
[Round "4"]
[White "Burrows, Zachary"]
[Black "Giacomin, Gordon"]
[Result "1/2-1/2"]
[WhiteElo "1973"]
[BlackElo "1927"]
[PlyCount "55"]
[GameId "2160767909411923"]
[EventDate "2012.10.06"]
[EventType "swiss"]
[EventRounds "6"]
[EventCountry "CAN"]
[SourceTitle "EXT 2022"]
[Source "ChessBase"]
[SourceDate "2021.10.06"]
[SourceVersion "1"]
[SourceVersionDate "2021.10.06"]
[SourceQuality "1"]

1. e4 c6 2. d4 d5 3. Nc3 dxe4 4. Nxe4 Nf6 5. Nxf6+ exf6 6. Nf3 Bd6 7. Bd3 Qe7+ 8. Qe2 Qxe2+ 9. Bxe2 O-O 10. O-O Bf5 11. c3 Nd7 12. Be3 Rfe8 13. Rfe1 Nb6 14. Nd2 Nd5 15. Bf3 Nf4 16. Bxf4 Bxf4 17. Nb3 Rad8 18. d5 cxd5 19. Bxd5 b6 20. Nd4 Bd7 21. Rxe8+ Bxe8 22. Bb3 Kf8 23. g3 Bd6 24. Rd1 Bd7 25. Bc2 g6 26. Be4 f5 27. Bd5 Bc5 28. Bf3 1/2-1/2

[Event "Maritime op"]
[Site "Halifax CAN"]
[Date "2012.10.07"]
[Round "4"]
[White "Havik, Victor"]
[Black "Leonard, Anthony"]
[Result "1-0"]
[WhiteElo "2094"]
[BlackElo "1980"]
[PlyCount "57"]
[GameId "2160767909411924"]
[EventDate "2012.10.06"]
[EventType "swiss"]
[EventRounds "6"]
[EventCountry "CAN"]
[SourceTitle "EXT 2022"]
[Source "ChessBase"]
[SourceDate "2021.10.06"]
[SourceVersion "1"]
[SourceVersionDate "2021.10.06"]
[SourceQuality "1"]

1. d4 d5 2. c4 c6 3. Nc3 Nf6 4. e3 e6 5. Nf3 Nbd7 6. Bd3 dxc4 7. Bxc4 b5 8. Bb3 b4 9. Ne2 Bd6 10. O-O O-O 11. Bc2 c5 12. a3 Bb7 13. axb4 cxb4 14. Ng3 Qc7 15. Bd2 Rfc8 16. Bd3 a5 17. Qe2 e5 18. Rfc1 Qb6 19. Bc4 Bxf3 20. Qxf3 exd4 21. Nf5 dxe3 22. Bxe3 Qb8 23. Qh3 Ne5 24. Nxd6 Qxd6 25. Bxf7+ Kxf7 26. Rxc8 Rxc8 27. Qxc8 Neg4 28. Qc4+ Kg6 29. Qf4 1-0

[Event "Maritime op"]
[Site "Halifax CAN"]
[Date "2012.10.07"]
[Round "4"]
[White "MacLean, John"]
[Black "Mah, Harry"]
[Result "1-0"]
[WhiteElo "1279"]
[BlackElo "1479"]
[PlyCount "73"]
[GameId "2160767909411925"]
[EventDate "2012.10.06"]
[EventType "swiss"]
[EventRounds "6"]
[EventCountry "CAN"]
[SourceTitle "EXT 2022"]
[Source "ChessBase"]
[SourceDate "2021.10.06"]
[SourceVersion "1"]
[SourceVersionDate "2021.10.06"]
[SourceQuality "1"]

1. e4 c5 2. Bc4 Nc6 3. d3 e6 4. a3 d5 5. Ba2 g6 6. Nf3 Bg7 7. O-O Bd7 8. exd5 exd5 9. Bxd5 Nge7 10. Ba2 h6 11. Bd2 Bxb2 12. Nc3 Bxa1 13. Qxa1 Nd4 14. Nxd4 cxd4 15. Ne2 Rh7 16. Nxd4 Qc7 17. Qc1 g5 18. Re1 f6 19. Bb4 Bc8 20. Be6 Kd8 21. Bxc8 Kxc8 22. Ne6 Qb6 23. Nf8 Nd5 24. Nxh7 Kd7 25. Nf8+ Kd8 26. Re6 Qc7 27. Rd6+ Kc8 28. Ne6 Qe7 29. Rd8+ Qxd8 30. Nxd8 Kxd8 31. c4 Nf4 32. Qe1 Ng6 33. Qe4 Ne5 34. Qd5+ Kc8 35. Qg8+ Kc7 36. Qxa8 Nc6 37. Qf8 1-0

[Event "Maritime op"]
[Site "Halifax CAN"]
[Date "2012.10.07"]
[Round "4"]
[White "MacNeil, Walter"]
[Black "MacLean, Donald"]
[Result "1-0"]
[WhiteElo "1647"]
[BlackElo "1630"]
[PlyCount "41"]
[GameId "2160767909411926"]
[EventDate "2012.10.06"]
[EventType "swiss"]
[EventRounds "6"]
[EventCountry "CAN"]
[SourceTitle "EXT 2022"]
[Source "ChessBase"]
[SourceDate "2021.10.06"]
[SourceVersion "1"]
[SourceVersionDate "2021.10.06"]
[SourceQuality "1"]

1. d4 b6 2. c4 Bb7 3. Nc3 f5 4. Bf4 Nf6 5. e3 e6 6. Nf3 Bb4 7. Rc1 Ne4 8. Bd3 Bxc3+ 9. bxc3 O-O 10. O-O d6 11. Qb3 Nd7 12. c5 d5 13. Bxe4 fxe4 14. Ne5 Nxe5 15. Bxe5 Ba6 16. cxb6 axb6 17. c4 Bxc4 18. Rxc4 dxc4 19. Qxc4 Qd5 20. Qxc7 Rxa2 21. Qxg7# 1-0

[Event "Maritime op"]
[Site "Halifax CAN"]
[Date "2012.10.07"]
[Round "4"]
[White "McKim, Fred"]
[Black "Felix, Chris"]
[Result "1/2-1/2"]
[WhiteElo "1965"]
[BlackElo "1959"]
[PlyCount "160"]
[GameId "2160767909411927"]
[EventDate "2012.10.06"]
[EventType "swiss"]
[EventRounds "6"]
[EventCountry "CAN"]
[SourceTitle "EXT 2022"]
[Source "ChessBase"]
[SourceDate "2021.10.06"]
[SourceVersion "1"]
[SourceVersionDate "2021.10.06"]
[SourceQuality "1"]

1. d4 f5 2. h3 Nf6 3. g4 d5 4. g5 Ne4 5. Bf4 e6 6. Nf3 c5 7. e3 Qb6 8. Qc1 Nc6 9. c3 Be7 10. Nbd2 Bd7 11. Bd3 Rc8 12. Rb1 cxd4 13. exd4 Nb4 14. Ne5 Nxd3+ 15. Nxd3 Bb5 16. Ne5 Nxg5 17. Qd1 O-O 18. a4 Be8 19. h4 Nf7 20. Nxf7 Bxf7 21. h5 Qa6 22. Nf3 Be8 23. h6 g6 24. Ra1 Rc4 25. a5 Qb5 26. Qd2 Ra4 27. Rxa4 Qxa4 28. O-O Qxa5 29. Re1 Qb6 30. Qe3 Bd7 31. Ne5 Bc8 32. Qg3 Bf6 33. Kh2 Qd8 34. Rg1 Qe7 35. Nxg6 hxg6 36. Bd6 Qh7 37. Bxf8 Kxf8 38. Qxg6 Qxg6 39. Rxg6 Kf7 40. Rg2 e5 41. dxe5 Bxe5+ 42. Kg1 d4 43. f4 Bf6 44. cxd4 Bxd4+ 45. Kf1 Be6 46. b4 Kf8 47. Rc2 b5 48. Rc7 Kg8 49. Kg2 a5 50. bxa5 b4 51. Kg3 b3 52. h7+ Kh8 53. Rb7 b2 54. a6 Bd5 55. Rb8+ Kxh7 56. a7 Kg7 57. Rb5 Be4 58. Kh4 Kf6 59. Kh5 Kg7 60. Kh4 Kf6 61. Kh5 Ke6 62. Kg5 Kd6 63. Kg6 Kc7 64. Kf7 Ba8 65. Ke6 Kc6 66. Rb3 Kc5 67. Kxf5 Kc4 68. Rb8 Bf3 69. Ke6 Kc3 70. f5 Bxa7 71. Rxb2 Kxb2 72. f6 Bg4+ 73. Ke7 Bc5+ 74. Kf7 Kc3 75. Kg6 Kc4 76. f7 Bf8 77. Kh7 Bc5 78. Kg7 Bd4+ 79. Kh7 Bf5+ 80. Kh6 Bc5 1/2-1/2

[Event "Maritime op"]
[Site "Halifax CAN"]
[Date "2012.10.07"]
[Round "4"]
[White "Newman, Eric"]
[Black "Dorrance, Adam"]
[Result "0-1"]
[WhiteElo "1818"]
[BlackElo "2071"]
[PlyCount "86"]
[GameId "2160767909411928"]
[EventDate "2012.10.06"]
[EventType "swiss"]
[EventRounds "6"]
[EventCountry "CAN"]
[SourceTitle "EXT 2022"]
[Source "ChessBase"]
[SourceDate "2021.10.06"]
[SourceVersion "1"]
[SourceVersionDate "2021.10.06"]
[SourceQuality "1"]

1. e4 c6 2. d4 d5 3. e5 Bf5 4. Bd3 Bxd3 5. Qxd3 e6 6. Nf3 c5 7. O-O cxd4 8. Nxd4 Ne7 9. Kh1 Nbc6 10. Nxc6 Nxc6 11. f4 Rc8 12. c3 Be7 13. Be3 O-O 14. Nd2 Qc7 15. Nf3 Na5 16. Bd4 Nc6 17. Be3 Rfd8 18. Rae1 b6 19. h4 Bc5 20. Ng5 g6 21. h5 Qe7 22. hxg6 fxg6 23. Bxc5 bxc5 24. Qh3 Re8 25. Rf3 Nd8 26. Qh4 Qg7 27. Rh3 Rc7 28. Re2 Rf8 29. g3 Qe7 30. Qh6 Rf5 31. Reh2 Rxg5 32. fxg5 Qf7 33. Kg1 Qg7 34. Qxg7+ Rxg7 35. b4 c4 36. a4 Nf7 37. b5 Nxg5 38. Kg2 Rf7 39. a5 Rb7 40. b6 axb6 41. axb6 Rxb6 42. Kf2 Nxh3+ 43. Rxh3 Rb3 0-1

[Event "Maritime op"]
[Site "Halifax CAN"]
[Date "2012.10.08"]
[Round "5"]
[White "Dorrance, Adam"]
[Black "Burrows, Zachary"]
[Result "1-0"]
[WhiteElo "2071"]
[BlackElo "1973"]
[PlyCount "85"]
[GameId "2160767909411929"]
[EventDate "2012.10.06"]
[EventType "swiss"]
[EventRounds "6"]
[EventCountry "CAN"]
[SourceTitle "EXT 2022"]
[Source "ChessBase"]
[SourceDate "2021.10.06"]
[SourceVersion "1"]
[SourceVersionDate "2021.10.06"]
[SourceQuality "1"]

1. d4 Nf6 2. Nf3 g6 3. c4 Bg7 4. b4 d5 5. e3 O-O 6. Bb2 c6 7. Nbd2 a5 8. a3 Bf5 9. Be2 Nbd7 10. O-O axb4 11. axb4 Rxa1 12. Bxa1 Qc7 13. c5 Ra8 14. Qb3 h6 15. h4 Ng4 16. Bb2 e5 17. dxe5 Ndxe5 18. Nxe5 Bxe5 19. Bxe5 Qxe5 20. g3 Ra1 21. Nf3 Rxf1+ 22. Kxf1 Qa1+ 23. Qd1 Qc3 24. Nd4 Ne5 25. Nxf5 gxf5 26. Qd4 Qxd4 27. exd4 Ng6 28. Bd3 Ne7 29. Ke2 Kg7 30. Ke3 Kf6 31. Kf3 Ng6 32. b5 Nf8 33. bxc6 bxc6 34. Ba6 Ne6 35. Ke3 Nd8 36. Bc8 Ne6 37. Bxe6 Kxe6 38. Kf4 Kf6 39. f3 Ke6 40. g4 f6 41. g5 fxg5+ 42. hxg5 h5 43. Kg3 1-0

[Event "Maritime op"]
[Site "Halifax CAN"]
[Date "2012.10.08"]
[Round "5"]
[White "Ferreira, Paulo"]
[Black "Havik, Victor"]
[Result "0-1"]
[WhiteElo "1872"]
[BlackElo "2094"]
[PlyCount "74"]
[GameId "2160767909411930"]
[EventDate "2012.10.06"]
[EventType "swiss"]
[EventRounds "6"]
[EventCountry "CAN"]
[SourceTitle "EXT 2022"]
[Source "ChessBase"]
[SourceDate "2021.10.06"]
[SourceVersion "1"]
[SourceVersionDate "2021.10.06"]
[SourceQuality "1"]

1. Nf3 c5 2. c4 Nc6 3. g3 e5 4. d3 g6 5. Bg2 Bg7 6. O-O Nge7 7. Nc3 d6 8. Bg5 f6 9. Bd2 O-O 10. Qc1 a6 11. a3 Rb8 12. Rb1 b5 13. cxb5 axb5 14. Nxb5 Be6 15. Nc3 g5 16. h3 Qd7 17. Kh2 Rb7 18. Ne4 Rfb8 19. Bc3 Nd4 20. e3 Nxf3+ 21. Bxf3 Bxh3 22. Rg1 Be6 23. b4 Nd5 24. Bd2 cxb4 25. axb4 g4 26. Bg2 Qe7 27. Qc6 f5 28. Nxd6 Rb6 29. Nxf5 Qf7 30. Qc5 Qxf5 31. Rh1 Qxf2 32. Be1 Qe2 33. Rf1 Nxe3 34. Rf2 Qxd3 35. Rc1 Nxg2 36. Rxg2 Bd5 37. Rd2 Rh6+ 0-1

[Event "Maritime op"]
[Site "Halifax CAN"]
[Date "2012.10.08"]
[Round "5"]
[White "Fowlie, Mark"]
[Black "MacNeil, Conrad"]
[Result "1-0"]
[WhiteElo "1247"]
[BlackElo "1565"]
[PlyCount "135"]
[GameId "2160767909411931"]
[EventDate "2012.10.06"]
[EventType "swiss"]
[EventRounds "6"]
[EventCountry "CAN"]
[SourceTitle "EXT 2022"]
[Source "ChessBase"]
[SourceDate "2021.10.06"]
[SourceVersion "1"]
[SourceVersionDate "2021.10.06"]
[SourceQuality "1"]

1. d4 d5 2. c4 Nf6 3. Bg5 e6 4. c5 Be7 5. Nf3 b6 6. cxb6 axb6 7. e3 O-O 8. Nbd2 Ne4 9. Bxe7 Qxe7 10. Nxe4 dxe4 11. Nd2 Qb4 12. Qb3 Qa5 13. Qb5 f5 14. Qxa5 Rxa5 15. Nb3 Ra7 16. Be2 Ba6 17. Nc1 Nd7 18. O-O c5 19. Rd1 cxd4 20. Rxd4 Bxe2 21. Nxe2 Kf7 22. Rad1 Ke7 23. Nc3 Nc5 24. b4 Nd3 25. Rd2 Rc8 26. Ne2 e5 27. Rd5 Ke6 28. Rb5 Rc6 29. f3 Rac7 30. h3 g5 31. fxe4 fxe4 32. Rd1 Rd6 33. Ng3 Rc1 34. Rxc1 Nxc1 35. Nxe4 Rd1+ 36. Kh2 Rd7 37. Rxb6+ Kf5 38. Rd6 Rxd6 39. Nxd6+ Ke6 40. Ne4 h6 41. Nc3 Nd3 42. a3 Kd6 43. Kg3 Nb2 44. Kg4 Nc4 45. e4 Nxa3 46. Kh5 Nc4 47. Kxh6 Ne3 48. g4 Nc2 49. Kxg5 Nxb4 50. h4 Ke6 51. h5 Kf7 52. h6 Nc6 53. Kf5 Kg8 54. g5 Kh7 55. Kf6 Kh8 56. Ke6 Kh7 57. Kd6 Nd4 58. Kxe5 Nf3+ 59. Kf5 Nh4+ 60. Kf6 Ng6 61. e5 Nf8 62. e6 Ng6 63. e7 Nf8 64. e8=Q Ne6 65. Qxe6 Kh8 66. Qe8+ Kh7 67. Qf7+ Kh8 68. Qg7# 1-0

[Event "Maritime op"]
[Site "Halifax CAN"]
[Date "2012.10.08"]
[Round "5"]
[White "Giacomin, Gordon"]
[Black "MacNeil, Walter"]
[Result "1-0"]
[WhiteElo "1927"]
[BlackElo "1647"]
[PlyCount "63"]
[GameId "2160767909411932"]
[EventDate "2012.10.06"]
[EventType "swiss"]
[EventRounds "6"]
[EventCountry "CAN"]
[SourceTitle "EXT 2022"]
[Source "ChessBase"]
[SourceDate "2021.10.06"]
[SourceVersion "1"]
[SourceVersionDate "2021.10.06"]
[SourceQuality "1"]

1. e4 c5 2. Nf3 Nc6 3. d4 cxd4 4. Nxd4 d6 5. c4 g6 6. Nc3 Bg7 7. Be3 Bd7 8. Be2 Rc8 9. O-O Qc7 10. Rc1 Nxd4 11. Bxd4 e5 12. Be3 Ne7 13. Qd2 a6 14. Rfd1 O-O 15. Qxd6 Qxd6 16. Rxd6 Be6 17. b3 Rfd8 18. Rcd1 Rxd6 19. Rxd6 Nc6 20. Rd1 f5 21. f3 Nd4 22. Kf1 Kf7 23. Nd5 Nxe2 24. Kxe2 fxe4 25. Rd2 exf3+ 26. gxf3 b5 27. Nb6 Rc6 28. c5 Bf8 29. b4 a5 30. a3 axb4 31. axb4 Kf6 32. Nd7+ 1-0

[Event "Maritime op"]
[Site "Halifax CAN"]
[Date "2012.10.08"]
[Round "5"]
[White "Kenney, David"]
[Black "MacLean, John"]
[Result "1/2-1/2"]
[WhiteElo "1916"]
[BlackElo "1279"]
[PlyCount "74"]
[GameId "2160767909411933"]
[EventDate "2012.10.06"]
[EventType "swiss"]
[EventRounds "6"]
[EventCountry "CAN"]
[SourceTitle "EXT 2022"]
[Source "ChessBase"]
[SourceDate "2021.10.06"]
[SourceVersion "1"]
[SourceVersionDate "2021.10.06"]
[SourceQuality "1"]

1. d4 Nf6 2. Nf3 e6 3. e3 d6 4. Bd3 Be7 5. O-O O-O 6. b3 Nbd7 7. Bb2 b6 8. Nbd2 Bb7 9. e4 Ne8 10. c4 c5 11. d5 e5 12. Re1 h5 13. Nf1 g6 14. Ne3 Ndf6 15. h3 Bc8 16. Qc2 Nh7 17. Rad1 Ng7 18. Qe2 h4 19. Nh2 Nh5 20. Qc2 Nf4 21. Bf1 Ng5 22. Nhg4 f5 23. exf5 Bxf5 24. Nxf5 gxf5 25. Nh6+ Kh7 26. Nxf5 e4 27. Nxe7 Qxe7 28. Kh2 Qd7 29. Bc1 Rae8 30. Bxf4 Rxf4 31. Re3 Qg7 32. Kg1 Ref8 33. Re2 Qf6 34. Kh1 Kh6 35. Rde1 Rg8 36. Re3 Rf8 37. R1e2 Rf7 1/2-1/2

[Event "Maritime op"]
[Site "Halifax CAN"]
[Date "2012.10.08"]
[Round "5"]
[White "Leonard, Anthony"]
[Black "Newman, Eric"]
[Result "1-0"]
[WhiteElo "1980"]
[BlackElo "1818"]
[PlyCount "41"]
[GameId "2160767909411934"]
[EventDate "2012.10.06"]
[EventType "swiss"]
[EventRounds "6"]
[EventCountry "CAN"]
[SourceTitle "EXT 2022"]
[Source "ChessBase"]
[SourceDate "2021.10.06"]
[SourceVersion "1"]
[SourceVersionDate "2021.10.06"]
[SourceQuality "1"]

1. e4 e5 2. Nf3 Nc6 3. Bb5 a6 4. Ba4 b5 5. Bb3 d6 6. O-O Na5 7. d4 Nxb3 8. axb3 Bb7 9. Re1 f6 10. d5 Ne7 11. c4 c5 12. b4 Ng6 13. Qb3 bxc4 14. Qa4+ Qd7 15. bxc5 Qxa4 16. Rxa4 dxc5 17. Na3 Bd6 18. Nxc4 Ke7 19. Be3 Nf8 20. Nfd2 f5 21. Bg5+ 1-0